| 000 | 01323nam a22003257a 4500 | ||
|---|---|---|---|
| 003 | EG-GICUC | ||
| 005 | 20260121101340.0 | ||
| 008 | 251124s1974 ua a|||fr|||| 000 0 ara d | ||
| 040 |
_a EG-GICUC _bara _c EG-GICUC _d EG-GICUC _erda |
||
| 041 | 0 | _aara | |
| 082 | 0 | 4 |
_221 _a345.2 _bر م . ح |
| 092 | 0 | 4 | _221 |
| 099 | _aLaw1 07 345.2 ر م . ح 1974 | ||
| 100 | 0 |
_aرمضان عبد المعطي _eمؤلف. |
|
| 245 | 1 | 2 |
_aالحاسبات الالكترونية في خدمة الإدارة : _nالجزء الاول، _pتجهيز البيانات / _cإعداد رمضان عبد المعطي. |
| 264 | 1 |
_aالقاهرة : _b جامعة الدول العربية-المنظمة العربية للعلوم الإدارية، مركز البحوث الإدارية _c1974. |
|
| 300 |
_a55 : صفحة _bإيضاحيات ؛ _c24 سم. |
||
| 336 |
_2rda content _atext |
||
| 337 |
_2rda media _aComputer |
||
| 338 |
_2rda carrier _aOnline Resource |
||
| 490 | _3166 | ||
| 546 | _aالنص باللغة العربية | ||
| 650 | 1 | 7 |
_aالحاسبات الالكترونية _2qrmak |
| 650 | 1 | 7 |
_aالقانون الإداري _2qrmak |
| 650 | 1 | 7 |
_aالبيانات _2qrmak _xتجهيز |
| 651 | 1 | _2qrmak | |
| 856 | 4 | 0 | _uhttps://fll.law.cu.edu.eg/fulltext/bks/B07-00146.pdf |
| 905 | _a73 | ||
| 942 |
_2ddc _cBK _e21 _n0 |
||
| 999 |
_c45770 _d45770 |
||